Housing condition survey 2001 published (Record no. 72526)

MARC details
000 -LEADER
fixed length control field 00657cam a2200181 4500
001 - CONTROL NUMBER
control field WB3915-08
008 - FIXED-LENGTH DATA ELEMENTS--GENERAL INFORMATION
fixed length control field 030423n2003 000 0 eng u
035 ## - SYSTEM CONTROL NUMBER
System control number (Sirsi) u122061
245 ## - TITLE STATEMENT
Title Housing condition survey 2001 published
260 ## - PUBLICATION, DISTRIBUTION, ETC.
Date of publication, distribution, etc. 2003
490 ## - SERIES STATEMENT
Series statement Housing Today
Volume/sequential designation (329) 17 April 2003, 8(1)
520 ## - SUMMARY, ETC.
Summary, etc. The 2001 English house condition survey has been published, showing that unfit housing fell from 7.3% in 1996 to 4.9% in 2001. More information can be obtained from http://www.housing.odpm.gov.uk/research/ehcs/2001home/index.htm
590 ## - LOCAL NOTE (RLIN)
Local note WB
650 ## - SUBJECT ADDED ENTRY--TOPICAL TERM
Topical term or geographic name entry element UNFIT HOUSING
650 ## - SUBJECT ADDED ENTRY--TOPICAL TERM
Topical term or geographic name entry element SURVEYS
690 ## - LOCAL SUBJECT ADDED ENTRY--TOPICAL TERM (OCLC, RLIN)
Topical term or geographic name as entry element HOUSING
942 ## - ADDED ENTRY ELEMENTS (KOHA)
Suppress in OPAC 0
Holdings
Withdrawn status Lost status Source of classification or shelving scheme Damaged status Not for loan Home library Current library Shelving location Date acquired Total Checkouts Full call number Barcode Date last seen Copy number Price effective from Koha item type
    Dewey Decimal Classification     London London News article 23/04/2003   WB3915-08 122061-1001 06/08/2019 1 06/08/2019 News article